Εφαρμογές στις στοχαστικές διαδικασίες : πτυχιακή εργασία

Στην παρούσα πτυχιακή εργασία μελετούμε διάφορες εφαρμογές στις Στοχαστικές Διαδικασίες και δίνουμε έμφαση σε σημαντικά παραδείγματα που συνδέονται άμεσα με την καθημερινότητά μας. Αρχικά σε ένα εισαγωγικό κεφάλαιο υπενθυμίζουμε βασικές Μαθηματικές έννοιες από την θεωρία των Πιθανοτήτων καθώς επίσης...

Πλήρης περιγραφή

Αποθηκεύτηκε σε:
Λεπτομέρειες βιβλιογραφικής εγγραφής
Κύριος συγγραφέας: Χατζηχριστοδούλου, Άγγελος Θ.
Συγγραφή απο Οργανισμό/Αρχή: Πανεπιστήμιο Αιγαίου. Σχολή Θετικών Επιστημών. Τμήμα Μαθηματικών
Μορφή: Thesis Βιβλίο
Γλώσσα:Greek
Δημοσίευση: 2014.
Θέματα:
Διαθέσιμο Online:http://hdl.handle.net/11610/7940
Ετικέτες: Προσθήκη ετικέτας
Δεν υπάρχουν, Καταχωρήστε ετικέτα πρώτοι!

MARC

LEADER 00000cam a2200000 i 4500
001 1/46961
008 140509s2014 gr | ||| |||| ||gre||
035 |l 10117572 
040 |a GR-MyUA  |b gre  |e AACR2 
041 0 |a gre 
082 0 |a 519.2   |2 (22) 
100 1 |a Χατζηχριστοδούλου, Άγγελος Θ. 
245 1 0 |a Εφαρμογές στις στοχαστικές διαδικασίες :   |b πτυχιακή εργασία /   |c Άγγελος Θεοδώρου Χατζηχριστοδούλου ; επιβλέπων καθηγητής Θεοδόσης Δημητράκος.  
260 |c 2014.  
300 |a 118 σ. ;   |c 30 εκ.  
500 |a Μέλη της εξεταστικής επιτροπής: Θεοδόσης Δημητράκος, Μιχαήλ Ανούσης, Νικόλαος Καραχάλιος.  
502 |a Πτυχιακή εργασία – Πανεπιστήμιο Αιγαίου, Σάμος, 2014. 
504 |a Βιβλιογραφία: σ. 116-117.  
506 0 |a Διάθεση πλήρους κειμένου - Ελεύθερη πρόσβαση.  
520 |a Στην παρούσα πτυχιακή εργασία μελετούμε διάφορες εφαρμογές στις Στοχαστικές Διαδικασίες και δίνουμε έμφαση σε σημαντικά παραδείγματα που συνδέονται άμεσα με την καθημερινότητά μας. Αρχικά σε ένα εισαγωγικό κεφάλαιο υπενθυμίζουμε βασικές Μαθηματικές έννοιες από την θεωρία των Πιθανοτήτων καθώς επίσης και ορισμένα βασικά στοιχεία των Γεννητριών Συναρτήσεων, γιατί έτσι θα μπορέσουμε να εισάγουμε έννοιες οι οποίες είναι πολύ χρήσιμες στις εφαρμογές και δεν μπορούν αλλιώς να περιγραφούν. Στο επόμενο κεφάλαιο, εισάγουμε την ακριβή έννοια των Στοχαστικών Ανελίξεων, βάση των οποίων πλέον θα μπορούμε να περιγράψουμε φαινόμενα τα οποία εξελίσσονται σε σχέση με το χρόνο ή το χώρο. Βασικό μέρος του κεφαλαίου αυτού είναι οι Διαδικασίες Γεννήσεων και Θανάτου, όπου θα μελετήσουμε τη στοχαστική συμπεριφορά διάφορων πληθυσμών. Στο τρίτο κεφάλαιο, θα ασχοληθούμε με τους Τυχαίους Περιπάτους. Θα δούμε γιατί οι Τυχαίοι Περίπατοι είναι χρήσιμοι για τη μοντελοποίηση διάφορων φαινομένων. Ακολούθως, θα δούμε τη χρήση τους στην ανάλυση της αναμονής και της καταστροφής συστημάτων. Τέλος παρουσιάζουμε εκτενώς το Θεώρημα Blackwell. Στο τέταρτο κεφάλαιο, μελετούμε το πώς μέσω των τυχερών παιχνιδιών αναπτύχθηκε η θεωρία των martingales. Τα martingales, αποτελούν μια ειδική και ενδιαφέρουσα κλάση των Στοχαστικών Διαδικασιών. Θα δούμε τον καθοριστικό τους ρόλο στην σύγχρονη θεωρία των Πιθανοτήτων. Θα διατυπώσουμε βασικούς ορισμούς και θα δούμε δύο βασικά τους παρακλάδια τα supermartingale και submartingale. Στο πέμπτο κεφάλαιο, θα δούμε μια σπουδαία εφαρμογή των Στοχαστικών Διαδικασιών στον τομέα της βιολογίας, την μαθηματική θεωρία των Επιδημικών Διαδικασιών. Συγκεκριμένα θα εξετάσουμε μόνο μερικά από τα βασικά χαρακτηριστικά των Διαδικασιών αυτών, αφού πρώτα δώσουμε έμφαση εν συντομία στις βασικές ιδέες που εμπλέκονται στην επιδημιολογία των μεταδοτικών ασθενειών. Στο έκτο και τελευταίο κεφάλαιο, θα εστιάσουμε την προσοχή μας στις Διακριτές Κλαδωτές Διαδικασίες που είναι μία ειδική κατηγορία αλυσίδων Markov. Τέλος θα μελετήσουμε την περίπτωση κατά την οποία ο χρόνος γέννησης ακολουθεί μια συνεχή κατανομή. 
540 |a Κλειδωμένη η δυνατότητα αντιγραφής (copy) του κειμένου.  
610 2 0 |a University of the Aegean  |x Dissertations. 
650 0 0 |a Stochastic processes. 
650 0 0 |a Markov processes. 
650 0 0 |a Random walks (Mathematics) 
650 0 0 |a Martingales (Mathematics) 
650 0 0 |a Dissertations, Academic  |z Greece. 
700 1 |a Δημητράκος, Θεοδόσης,  |e dgs 
710 2 |a Πανεπιστήμιο Αιγαίου.   |b Σχολή Θετικών Επιστημών.   |b Τμήμα Μαθηματικών. 
852 |a INST  |b SAMOS  |c DIATR  |e 20140509  |h 519.2 ΧΑΤ  |p 005300036677  |q 005300036677  |t DIE  |y 23 
852 |a INST  |b SAMOS  |c DIATR  |e 20140509  |h 519.2 ΧΑΤ  |p 005300036678  |q 005300036678  |t DIE  |y 23 
856 |u http://hdl.handle.net/11610/7940 
901 |a BIBL3-2014-2 
909 |a Σ  |b 184821 
909 |a Σ  |b 184822 
924 |a ΧΑΤΖΗΧΡΙΣΤΟΔΟΥΛΟΥ  |b ΑΓΓΕΛΟΣ  |y Σάμος  |z 2014-03 
970 |a ΚΟΣΙΕΡΗΣ  |b ΧΡΗΣΤΟΣ  |z 2014/05/09